000 00308nam a22001337a 4500
008 170923b xxu||||| |||| 00| 0 eng d
020 _a9780787948498
041 _aeng
080 _a37
100 _a46
101 _aEDU
245 _aTRENDS IN COMMUNITY COLLEGE CURRICULUM
_cSCHUYLER, G
942 _2udc
_cBK
999 _c29417
_d29417